Loading...
| Current Events | 1 | 10.00 | 100% | 0% | 0% |
| Fine Arts - Classical Music | 4 | 7.50 | 75% | 0% | 0% |
| Fine Arts - Other Fine Arts | 4 | 10.00 | 100% | 0% | 0% |
| Fine Arts - Painting and Sculpture | 2 | 10.00 | 100% | 0% | 0% |
| Geography | 2 | 0.00 | 0% | 0% | 0% |
| History - American History | 5 | 10.00 | 60% | 40% | 0% |
| History - European History | 3 | 13.33 | 67% | 33% | 33% |
| History - Other History | 4 | 10.00 | 75% | 25% | 0% |
| History - World History | 2 | 5.00 | 50% | 0% | 0% |
| Literature - American Literature | 3 | 6.67 | 67% | 0% | 0% |
| Literature - British Literature | 3 | 6.67 | 67% | 0% | 0% |
| Literature - European Literature | 4 | 7.50 | 75% | 0% | 0% |
| Literature - World Literature | 4 | 7.50 | 75% | 0% | 0% |
| Mythology | 4 | 10.00 | 100% | 0% | 0% |
| Philosophy | 2 | 10.00 | 100% | 0% | 0% |
| Religion | 4 | 5.00 | 50% | 0% | 0% |
| Science - Biology | 2 | 5.00 | 50% | 0% | 0% |
| Science - Chemistry | 4 | 2.50 | 25% | 0% | 0% |
| Science - Other Science | 5 | 10.00 | 60% | 20% | 20% |
| Science - Physics | 3 | 3.33 | 33% | 0% | 0% |
| Social Science | 3 | 6.67 | 67% | 0% | 0% |